K-Matrix-Class estimators and the full-information maximum-likelihood estimator as a special case (Registro nro. 26052)

Detalles MARC
000 -LEADER
fixed length control field 00383 a2200109 4500
001 - CONTROL NUMBER
control field ART_12046
005 - DATE AND TIME OF LATEST TRANSACTION
control field 20260410161902.0
008 - FIXED-LENGTH DATA ELEMENTS--GENERAL INFORMATION
fixed length control field 260409a
100 1# - MAIN ENTRY--PERSONAL NAME
Personal name Scharf, Werner
245 10 - TITLE STATEMENT
Title K-Matrix-Class estimators and the full-information maximum-likelihood estimator as a special case
773 0# - HOST ITEM ENTRY
Title Journal of econometrics
Related parts - Vol. 4, Nº 1 (feb. 1976)
Record control number REV11720

No hay ítems disponibles.